Логистика: учебное пособие

Xehetasun bibliografikoak
Beste egile batzuk: Аникин Б. А. Борис Александрович (редактор), Родкина Т. А.
Gaia:Учебное пособие соответствует государственным образовательным стандартам по специальностям 080506 «Логистика», 351300 «Коммерция», 061500 «Маркетинг». В пособии в сжатой и доступной форме изложена основная проблематика современной логистики, освещен весь комплекс концептуальных проблем логистики, включая становление науки, а также современные концепции ее развития. Даны многочисленные практические примеры.Для студентов и аспирантов вузов, а также ученых и специалистов в области логистики.
Hizkuntza:errusiera
Argitaratua: Москва, Проспект, 2007
Gaiak:
Formatua: Liburua
KOHA link:https://koha.lib.tpu.ru/cgi-bin/koha/opac-detail.pl?biblionumber=226337

MARC

LEADER 00000n m0a2200000 4500
001 226337
005 20231031201136.0
010 |a 9785482012772 
010 |a 5-482-01277-8 
035 |a (RuTPU)RU\TPU\book\246712 
035 |a RU\TPU\book\147159 
090 |a 226337 
100 |a 20121121d2007 m y0rusy50 ca 
101 0 |a rus 
102 |a RU 
105 |a a j 001zy 
200 1 |a Логистика  |e учебное пособие  |f под ред. Б. А. Аникина, Т. А. Родкиной 
210 |a Москва  |c Проспект  |c Велби  |d 2007 
215 |a 407 с.  |c ил. 
320 |a Рекомендуемая литература: с. 397-400. 
330 |a Учебное пособие соответствует государственным образовательным стандартам по специальностям 080506 «Логистика», 351300 «Коммерция», 061500 «Маркетинг». В пособии в сжатой и доступной форме изложена основная проблематика современной логистики, освещен весь комплекс концептуальных проблем логистики, включая становление науки, а также современные концепции ее развития. Даны многочисленные практические примеры.Для студентов и аспирантов вузов, а также ученых и специалистов в области логистики. 
610 1 |a экономика 
610 1 |a логистика 
610 1 |a теория 
610 1 |a методология 
610 1 |a снабжение 
610 1 |a закупки 
610 1 |a производственная логистика 
610 1 |a сбыт 
610 1 |a распределительная логистика 
610 1 |a логистические системы 
610 1 |a запасы 
610 1 |a управление 
610 1 |a складское хозяйство 
610 1 |a складская логистика 
610 1 |a грузоперевозки 
610 1 |a транспортная логистика 
610 1 |a упаковка 
610 1 |a информационные технологии 
610 1 |a учебные пособия 
686 |a У9(2)40я73  |v LBC/SL-A  |2 rubbk 
702 1 |a Аникин  |b Б. А.  |g Борис Александрович  |4 340 
702 1 |a Родкина  |b Т. А.  |4 340 
801 1 |a RU  |b 63413507  |c 20080415  |g PSBO 
801 2 |a RU  |b 63413507  |c 20121129  |g PSBO 
900 |a Логистика 
942 |c BK 
955 |b 080506  |b 080300  |b 080111